Hati yang simpati

Bibliographic Details
Main Author: Mohd Ismail Sarbini
Format: Book
Published: Kuala Lumpur : DBP , 1992
Subjects:

MARC

LEADER 00000cam a2200000 7i4500
001 0000006478
002 000006990
005 20000330.0
020 |a 9836217371 
090 0 0 |a JF   |b MOH 
100 0 |a Mohd Ismail Sarbini 
245 1 0 |a Hati yang simpati   |c Mohd Ismail Sarbini 
260 |a Kuala Lumpur :   |b DBP ,   |c 1992 
300 |a 155p. ;   |c 18cm. 
650 0 0 |a Children's stories, Malay 
999 |a 039819   |b BUKU   |c PINJAMAN   |e PERPUSTAKAAN KOMUNITI PETALING JAYA 
999 |a 039820   |b BUKU   |c PINJAMAN   |e PERPUSTAKAAN KOMUNITI PETALING JAYA